| 000 | 01356cam a22004214a 4500 | ||
|---|---|---|---|
| 001 | 91635 | ||
| 005 | 20230410130731.0 | ||
| 008 | 091002s2009 be b 001 0 fre | ||
| 010 | _a 2009524604 | ||
| 035 | _a(OCoLC)ocn436342594 | ||
| 040 |
_aDLC _cDLC _dCDX _dAUXAM |
||
| 020 | _a9782802727101 | ||
| 020 | _a2802727109 | ||
| 035 | _a(OCoLC)436342594 | ||
| 037 | _bElectre | ||
| 043 | _ae------ | ||
| 050 | 1 | 4 |
_aPN 5110 _bM187j 2009 |
| 080 | 0 | 0 | _a079.94 |
| 049 | _aGRAL | ||
| 245 | 0 | 4 |
_aLes journalistes et l'Europe / _csous la direction de Gilles Rouet ; Gerald Arboit ... [et al.] ; postface de Michel Maffesoli. |
| 260 |
_aBruxelles : _bBruylant, _cc2009. |
||
| 300 |
_a393 p. ; _c24 cm. |
||
| 490 | 0 | _aMedias, societes et relations internationales | |
| 504 | _aIncludes bibliographical references (p. [361]-368) and index. | ||
| 610 | 2 | 0 |
_aEuropean Union _xPress coverage _zEurope. |
| 650 | 0 |
_aJournalism _zEurope. |
|
| 650 | 0 |
_aPress _zEurope. |
|
| 650 | 4 |
_aPeriodismo _zEuropa. |
|
| 650 | 4 |
_aPeriódicos _zEuropa. |
|
| 650 | 4 | _aComunidad Económica Europea. | |
| 700 | 1 | _aRouet, Gilles. | |
| 700 | 1 | _aArboit, Gerald. | |
| 938 |
_aCoutts Information Services _bCOUT _n10614597 _c42.45 EUR |
||
| 938 |
_aAux Amateurs de Livres _bAUXA _nAAL0454606-0001 _c45,00 EUR |
||
| 942 |
_2lcc _cbk |
||
| 994 |
_aC0 _bDRFGD |
||
| 946 | _anc | ||
| 999 |
_c79434 _d79434 |
||